Teorie reálého ekonomického cyklu na pozadí metodologických východisek teórií optimáního růstu

Historické a metodologické východiská teórií optimálneho rastu. Teória reálneho ekonomického cyklu. Východzia dlhodobá makroekonomická rovnováha. Neočakávaný trvalý pozitívny šok. Doznenie šoku a nová makroekonomická rovnováha.

Salvato in:
Dettagli Bibliografici
Autore principale: Nedomlelová, Iva
Altri autori: Skála, Marek
Natura: Capitolo di libro
Lingua:slovacco
Soggetti:
Tags: Aggiungi Tag
Nessun Tag, puoi essere il primo ad aggiungerne!!

MARC

LEADER 00000naa$a2200000$$$4500
001 0106163
005 20231011115938.0
041 0 |a slo 
044 |a SK 
245 1 0 |a Teorie reálého ekonomického cyklu na pozadí metodologických východisek teórií optimáního růstu  |c Iva Nedomlelová, Marek Skála 
520 |a Historické a metodologické východiská teórií optimálneho rastu. Teória reálneho ekonomického cyklu. Východzia dlhodobá makroekonomická rovnováha. Neočakávaný trvalý pozitívny šok. Doznenie šoku a nová makroekonomická rovnováha. 
610 2 0 |a cykly hospodárske 
610 2 0 |a rovnováha hospodárska 
610 2 0 |a teória rovnováhy ekonomickej 
100 1 |a Nedomlelová, Iva 
700 1 |a Skála, Marek